Statistics for States in Alphabetical Order

Click here to take the quiz!

General Stats

  • This quiz has been taken 22 times
  • The average score is 28 of 50

Answer Stats

HintAnswer% Correct
1Alabama
100%
2Alaska
95%
7Connecticut
95%
8Delaware
95%
3Arizona
89%
4Arkansas
89%
5California
89%
6Colorado
89%
9Florida
89%
10Georgia
89%
11Hawaii
84%
14Indiana
84%
12Idaho
74%
13Illinois
74%
15Iowa
74%
16Kansas
74%
17Kentucky
68%
18Louisiana
68%
21Massachusetts
68%
23Minnesota
68%
24Mississippi
63%
25Missouri
63%
26Montana
58%
19Maine
53%
20Maryland
53%
22Michigan
53%
28Nevada
47%
29New Hampshire
47%
30New Jersey
47%
31New Mexico
42%
32New York
42%
50Wyoming
42%
33North Carolina
37%
35Ohio
37%
36Oklahoma
37%
37Oregon
37%
45Vermont
37%
49Wisconsin
37%
34North Dakota
32%
38Pennsylvania
32%
42Tennessee
32%
43Texas
32%
44Utah
32%
46Virginia
32%
39Rhode Island
26%
40South Carolina
26%
41South Dakota
26%
47Washington
26%
27Nebraska
21%
48West Virginia
21%

Score Distribution

Percentile by Number Answered

Percent of People with Each Score

Your Score History

You have not taken this quiz